000
00295nam a2200109Ia 4500
001
588876
005
20250717120839.0
008
250717s9999 xx 000 0 und d
245
0
_a
V-3 AFACAN DEDEKTİFLER HAYVANAT BAHÇESİNDE
_c
SİMONE VEENSTRA
260
_b
ERDEM YAYINLARI
_c
2017
300
_b
95
999
_c
588876
_d
588876